| 000 | 00920nam a2200265Ia 4500 | ||
|---|---|---|---|
| 003 | OSt | ||
| 005 | 20220918170219.0 | ||
| 006 | a|||||r|||| 00| 0 | ||
| 007 | ta | ||
| 008 | 220917b |||||||| |||| 00| 0 eng d | ||
| 020 |
_a978 81 250 6346 9 (pbrk) _cINR 695.00 |
||
| 024 | _a324,400 | ||
| 037 |
_bBBS/109, 25/01/2018, Better Book Services _cTextual |
||
| 040 |
_aARTS _cARTS _beng |
||
| 041 |
_2eng _aeng |
||
| 082 | _aO154,3M55,SA, 111Q7.3 | ||
| 100 |
_aTripathi Goverdhanram Madhavram Au. _927710 |
||
| 245 | 0 | _aSarasvatichandra | |
| 260 |
_aHyderbad _bOrient Blackswan India _c2016 |
||
| 490 | _vPart 3 | ||
| 650 |
_aGUJRATI FICTION; GUJRATI LITERATURE _927711 |
||
| 700 |
_a Suhrud Tridip Tr. _927712 |
||
| 942 |
_hO154,3M55,SA, 111Q7.3 _cTEXL _2CC |
||
| 999 |
_c133132 _d133132 |
||